MARC

LEADER 00000nam0a2200000 4500
001 119437
005 20231031124610.0
020 |a RU  |b 85-52013 
035 |a (RuTPU)RU\TPU\book\129267 
090 |a 119437 
100 |a 20070704d1985 km y0rusy5003 ca 
101 0 |a rus 
102 |a RU 
105 |a y z 001zy 
200 1 |a Позитивные линейные системы. Метод положительных операторов  |f М. А. Красносельский, Е. А. Лифшиц, А. В. Соболев 
210 |a Москва  |c Наука  |d 1985 
215 |a 255 с. 
225 1 |a Теория и методы системного анализа 
610 1 |a автоматические системы управления линейные 
610 1 |a операторы 
610 1 |a математические исследования 
610 1 |a системный анализ 
610 1 |a спектральные свойства 
610 1 |a итерация 
675 |a 681.511.2  |z rus 
700 1 |a Красносельский  |b М. А.  |g Марк Александрович  |4 070 
701 1 |a Лифшиц  |b Е. А.  |g Евгений Аркадьевич 
701 1 |a Соболев  |b А. В.  |g Александр Владимирович 
801 0 |a RU  |b RuMRKP  |c 19950704  |g psbo 
801 1 |a RU  |b 63413507  |c 20070704  |g PSBO 
801 2 |a RU  |b 63413507  |c 20150323  |g PSBO 
942 |c BK